| 000 | 00646nam a2200205 a 4500 | ||
|---|---|---|---|
| 001 | 1711 | ||
| 003 | CDMR | ||
| 005 | 20131210173107.0 | ||
| 008 | 130130s1988||||||||||||||||||||||||||||d | ||
| 020 | _a8477540268 | ||
| 040 |
_aCDMR _bcat _cCDMR |
||
| 100 | 1 |
_aQuiros, Fernando _91274 |
|
| 245 | 1 | 0 |
_aIntroducción a la estructura real de la información _cFernando quirós |
| 260 |
_aMadrid _c1988 _bEudema |
||
| 300 | _a197 p. | ||
| 490 | 0 | _aEudema Universidad. Manuales | |
| 650 | 0 | 4 |
_93789 _aMitjans de comunicació de massa _zAmèrica Llatina |
| 650 | 0 | 4 |
_94427 _aMitjans de comunicació de massa en el desenvolupament comunitari |
| 942 |
_cMON _2udc |
||
| 999 |
_c1711 _d1711 |
||